000 00524nam a2200181Ia 4500
005 20250508150335.0
008 008 250505s9999 xx 000 0 eng d
037 _aTextual
040 _aFEDL
_beng
_cFEDL
041 _aeng
_2eng
084 _a914.7, VAV
_qFEDL
100 _aVavilov S I (et.al.)
_9756449
245 0 _aCultural life in the Soviet union
260 _aCalcutta, India
_bInternational Publishing House
_c1947
300 _a321p.
942 _cTEXL
_h914.7, VAV
999 _c1323095
_d1323095